000 00474nam a22001937a 4500
003 CEME
005 20210628203208.0
008 210203b xxu||||| |||| 00| 0 eng d
020 _a9780072983227
040 _c.
082 _a658.15 DEM
100 _aDemello, Jim
_920666
245 _aCases in finance
250 _a2ND
260 _aNEW YORK
_bMCGRAW HILL
_c2006
300 _aVI, 186P
650 _aFINANCIAL MANAGEMENT.CASES IN FINANCE
_963905
942 _cBK
_2ddc
999 _c572592
_d572592